000 00496nam a22001937a 4500
005 20211122122909.0
008 211122b ||||| |||| 00| 0 eng d
020 _a9789391060787
040 _aIN-DiNC
_cIN-DiNC
041 _deng
082 _a301
_bDAS
100 _aDasgupta, Piyali
_eauthor
245 _aSociological theories/
_cby Piyali Dasgupta
250 _a1st ed.
260 _aDibrugarh:
_bBanalata,
_c2021
300 _a104p.
650 _aSociological thought
942 _2ddc
_cBK
999 _c11245
_d11245